KOHA-Header-6

Meri Maghfirat Ka Sabab Banay (Record no. 9938)

000 -LEADER
fixed length control field 00275nam a2200109Ia 4500
100 ## - MAIN ENTRY--AUTHOR NAME
Personal name Sarwat Sultana Sarwat
245 #0 - TITLE STATEMENT
Title Meri Maghfirat Ka Sabab Banay
260 ## - PUBLICATION, DISTRIBUTION, ETC. (IMPRINT)
Place of publication Karachi
Name of publisher Shuja Alqadir
Year of publication 2006
300 ## - PHYSICAL DESCRIPTION
Number of Pages 929
942 ## - ADDED ENTRY ELEMENTS (KOHA)
Koha item type Books
Holdings
Withdrawn status Lost status Collection code Permanent Location Current Location Shelving location Date acquired Full call number Accession Number Koha item type
    Urdu Literature MAJU MAJU   2019-09-14 620.002 5984 Urdu Literature

Powered by Koha